Kabale University Library Catalogue

Murder in the cathedral / (Record no. 5932)

MARC details
000 -LEADER
fixed length control field 02443cam a2200553 i 4500
001 - CONTROL NUMBER
control field 6891804
003 - CONTROL NUMBER IDENTIFIER
control field OSt
005 - DATE AND TIME OF LATEST TRANSACTION
control field 20260202134216.0
008 - FIXED-LENGTH DATA ELEMENTS--GENERAL INFORMATION
fixed length control field 731015s1935 enk 000 0 eng
010 ## - LIBRARY OF CONGRESS CONTROL NUMBER
LC control number 35015594
020 ## - INTERNATIONAL STANDARD BOOK NUMBER
International Standard Book Number 057108611x
035 ## - SYSTEM CONTROL NUMBER
System control number 6891804
040 ## - CATALOGING SOURCE
Original cataloging agency KABLIB
Language of cataloging KABLIB
Description conventions rda
Transcribing agency KABLIB
Modifying agency KABLIB
042 ## - AUTHENTICATION CODE
Authentication code pcc
043 ## - GEOGRAPHIC AREA CODE
Geographic area code e-uk-en
050 00 - LIBRARY OF CONGRESS CALL NUMBER
Classification number PS3509.L43
Item number M8 1935
051 ## - LIBRARY OF CONGRESS COPY, ISSUE, OFFPRINT STATEMENT
Classification number Aramont Library no. 144
Item number Copy 1
Copy information Rebound in gray morocco by Asprey with purple morocco spine. Two raised spine bands and author and title in gilt. Full inner dentelles. Red and purple marbled endpapers. All edges gilt.
082 ## - DEWEY DECIMAL CLASSIFICATION NUMBER
Edition number 23
Classification number 822.912
Item number ELI
100 1# - MAIN ENTRY--PERSONAL NAME
Personal name Eliot, T. S.
Fuller form of name (Thomas Stearns),
Dates associated with a name 1888-1965,
Relator term author.
9 (RLIN) 14964
245 10 - TITLE STATEMENT
Title Murder in the cathedral /
Statement of responsibility, etc. by T.S. Eliot.
264 #1 - PRODUCTION, PUBLICATION, DISTRIBUTION, MANUFACTURE, AND COPYRIGHT NOTICE
Place of production, publication, distribution, manufacture London :
Name of producer, publisher, distributor, manufacturer Faber and Faber Limited, 24 Russell Square,
Date of production, publication, distribution, manufacture, or copyright notice 1935.
264 #3 - PRODUCTION, PUBLICATION, DISTRIBUTION, MANUFACTURE, AND COPYRIGHT NOTICE
Place of production, publication, distribution, manufacture Glasgow :
Name of producer, publisher, distributor, manufacturer R. MacLehose and Company Limited, the University Press
300 ## - PHYSICAL DESCRIPTION
Extent 93 p. :
Dimensions 20 cm
336 ## - CONTENT TYPE
Content type term text
Content type code txt
Source rdacontent
337 ## - MEDIA TYPE
Media type term unmediated
Media type code n
Source rdamedia
338 ## - CARRIER TYPE
Carrier type term volume
Carrier type code nc
Source rdacarrier
500 ## - GENERAL NOTE
General note First complete edition. An abbreviated acting edition was published in May 1935 by H.J. Goulden. See Gallup.
500 ## - GENERAL NOTE
General note "First published in June MCMXXXV"--Title page verso.
500 ## - GENERAL NOTE
General note "This play was written for production (in an abbreviated form) at the Canterbury Festival, June 1935"--Page 7.
510 4# - CITATION/REFERENCES NOTE
Name of source Gallup, D.C. T.S. Eliot: a bibliography,
Location within source A29b
510 4# - CITATION/REFERENCES NOTE
Name of source Rare and beautiful books from the Bonel Library,
Location within source 71
600 10 - SUBJECT ADDED ENTRY--PERSONAL NAME
Personal name Thomas,
Titles and other words associated with a name à Becket, Saint,
Dates associated with a name 1118?-1170
Form subdivision Drama.
9 (RLIN) 14820
610 20 - SUBJECT ADDED ENTRY--CORPORATE NAME
Corporate name or jurisdiction name as entry element Canterbury Cathedral
Form subdivision Drama.
9 (RLIN) 14821
650 #0 - SUBJECT ADDED ENTRY--TOPICAL TERM
Topical term or geographic name entry element Christian martyrs
Form subdivision Drama.
9 (RLIN) 14822
650 #0 - SUBJECT ADDED ENTRY--TOPICAL TERM
Topical term or geographic name entry element Christian saints
Form subdivision Drama.
9 (RLIN) 14823
650 #0 - SUBJECT ADDED ENTRY--TOPICAL TERM
Topical term or geographic name entry element Murder victims
Form subdivision Drama.
9 (RLIN) 14824
651 #0 - SUBJECT ADDED ENTRY--GEOGRAPHIC NAME
Geographic name Canterbury (England)
Form subdivision Drama.
9 (RLIN) 14825
655 #7 - INDEX TERM--GENRE/FORM
Genre/form data or focus term Historical drama.
Source of term gsafd
9 (RLIN) 5963
655 #7 - INDEX TERM--GENRE/FORM
Genre/form data or focus term Christian drama.
Source of term lcsh
9 (RLIN) 14826
655 #7 - INDEX TERM--GENRE/FORM
Genre/form data or focus term Drama.
Source of term lcgft
Authority record control number or standard number https://id.loc.gov/authorities/genreForms/gf2014026297
9 (RLIN) 6222
710 2# - ADDED ENTRY--CORPORATE NAME
Corporate name or jurisdiction name as entry element Aramont Library Collection (Library of Congress)
Institution to which field applies DLC
9 (RLIN) 14965
710 2# - ADDED ENTRY--CORPORATE NAME
Corporate name or jurisdiction name as entry element Asprey & Co.,
Relator term binder.
Institution to which field applies DLC
9 (RLIN) 14966
906 ## - LOCAL DATA ELEMENT F, LDF (RLIN)
a 7
b cbc
c premver
d 2
e ncip
f 19
g y-genrareb
942 ## - ADDED ENTRY ELEMENTS (KOHA)
Source of classification or shelving scheme Dewey Decimal Classification
Koha item type Book
Holdings
Withdrawn status Lost status Source of classification or shelving scheme Damaged status Not for loan Home library Current library Date acquired Total Checkouts Full call number Barcode Date last seen Price effective from Koha item type
    Dewey Decimal Classification     Education Library Education Library 02.02.2026   822.912 ELI 14322 02.02.2026 02.02.2026 Book

Kabale University Library | Kabale University P.O Box 317, Kabale, Uganda
Tel : +256754017033, +256774661503 E-mail : library@kab.ac.ug